Quiz Normal Seigneur des anneaux - Statistiques

Statistiques générales
  • Ce quiz a été pris 210 fois
  • Le résultat moyen est 9 sur 15
Statistiques - réponses
Question Réponse % Correct
Quel est le vrai nom de Gollum ? Sméagol
99%
Qui est le frère de Boromir ? Faramir
94%
Quelle est la monture des Nazgûl ? Chevaux noirs / puis créatures ailées
87%
Qui est le conseiller traître du roi Théoden ? Gríma
86%
Combien d’anneaux furent forgés pour les Rois des Hommes ? 9
83%
Quel est le nom du père de Legolas (dans les livres) ? Thranduil
76%
Quelle est la race du père Maggotte ? Hobbit
60%
Qui forgea les Trois Anneaux des Elfes ? Celebrimbor
58%
Quel objet à plus de valeur que la comté entière ? (réplique) La cote de mailles en mithril de Frodon
53%
Quelle langue parle principalement les Elfes ? Sindarin
53%
Qui ne vient pas prêter main forte aux Hommes au Gouffre de Helm ? Les elfes de la foret noire
38%
Qui est Uglúk ? L'Uruk-hai qui succède à Lurtz
38%
Qui dit : « Même la plus petite personne peut changer le cours du futur » ? Galadriel
35%
Quel est le nom elfique de la Terre du Milieu ? Endor
33%
Qui est le premier à rejoindre la Communauté après Frodon ? Sam
27%
Aucun quiz correspondant
Distribution des résultats
% des personnes avec chaque résultat
Percentile par nombre de réponses
Votre historique - résultats
Vous n’avez pas pris ce quiz